000 00195 a2200097 4500
001 1460
100 _aBreneman
245 _aStength of materials
260 _a
_bMcgrawhill
_c
090 _c1003
_d1003
942 _aNUST-CAE
_cM
_c37
999 _c236533
_d236533